000 00312nam a2200133Ia 4500
008 211109s9999||||xx |||||||||||||| ||und||
082 _aas
_bPET-D
100 _aPeter, K C
245 0 _aDr. Santhosh
260 _bCurrent Books
_aTrichur
_c1978
630 _xGeneral Stack
650 _vGeneralia
942 _cBOOK
999 _c73355
_d73355